Carnavá / (Record no. 20384)

MARC details
000 -LEADER
campo de control de longitud fija 00795cam a2200265 i 4500
001 - NÚMERO DE CONTROL
campo de control 34812
005 - FECHA Y HORA DE LA ÚLTIMA TRANSACCIÓN
campo de control 20230410103521.0
008 - DATOS DE LONGITUD FIJA--INFORMACIÓN GENERAL
campo de control de longitud fija 791023s1979 dr 000 1 spa
035 ## - NÚMERO DE CONTROL DEL SISTEMA
-- (DLC) 79116867
035 ## - NÚMERO DE CONTROL DEL SISTEMA
Número de control de sistema 2758140
010 ## - NÚMERO DE CONTROL DE LA BIBLIOTECA DEL CONGRESO
Número de control de LC 79116867
040 ## - FUENTE DE CATALOGACIÓN
Centro catalogador/agencia de origen DLC
Centro/agencia transcriptor DLC
Centro/agencia modificador DLC
050 14 - SIGNATURA TOPOGRÁFICA DE LA BIBLIOTECA DEL CONGRESO
Número de clasificación 118 PQ 7409
Número de ítem H557c 1979
100 2# - ENTRADA PRINCIPAL--NOMBRE DE PERSONA
Nombre de persona Hernández Acosta, Angel,
Fechas asociadas al nombre 1922-
245 10 - MENCIÓN DEL TÍTULO
Título Carnavá /
Mención de responsabilidad, etc. Angel Hernández Acosta.
250 ## - MENCION DE EDICION
Mención de edición 1. ed.
260 ## - PUBLICACIÓN, DISTRIBUCIÓN, ETC.
Lugar de publicación, distribución, etc. Santo Domingo :
Nombre del editor, distribuidor, etc. Editora Taller,
Fecha de publicación, distribución, etc. 1979.
300 ## - DESCRIPCIÓN FÍSICA
Extensión 102 p. ;
Dimensiones 21 cm.
490 0# - MENCIÓN DE SERIE
Mención de serie Biblioteca Taller
650 #4 - PUNTO DE ACCESO ADICIONAL DE MATERIA--TÉRMINO DE MATERIA
Término de materia o nombre geográfico como elemento de entrada CLIF-RD
650 #4 - PUNTO DE ACCESO ADICIONAL DE MATERIA--TÉRMINO DE MATERIA
Término de materia o nombre geográfico como elemento de entrada Clásicos de Literatura de Ficción
856 40 - LOCALIZACIÓN Y ACCESO ELECTRÓNICOS
Materiales especificados Texto Completo => Carnavá / Angel Hernández Acosta
Identificador Uniforme de Recursos <a href="\\Funglodedc01\Tratados\CLIF_RD\Carnava.pdf">\\Funglodedc01\Tratados\CLIF_RD\Carnava.pdf</a>
942 ## - ELEMENTOS DE ENTRADA SECUNDARIOS (KOHA)
Fuente del sistema de clasificación o colocación Clasificación de Library of Congress
Tipo de ítem Koha
946 ## - PROCESAMIENTO DE INFORMACIÓN LOCAL (OCLC)
a ccruz
Holdings
Estatus retirado Estado de pérdida Fuente del sistema de clasificación o colocación Estado de daño No para préstamo Colección Biblioteca de origen Biblioteca actual Ubicación en estantería Fecha de adquisición Serial enumeration / chronology Signatura topográfica completa Código de barras Visto por última vez Copia número Tipo de ítem Koha
    Clasificación de Library of Congress     Recursos Regionales Biblioteca Juan Bosch Biblioteca Juan Bosch Recursos Regionales (2do. Piso) 10/04/2023 1 118 PQ 7409 H557c 1979 00000036790 23/10/2018 1